000 00655nam a22002417a 4500
001 BR9508999
003 BR-BrBNA
005 20230928094750.0
007 ta
008 230509b bl.||||| |||| 00| 0 por d
040 _aBR-BrBNA
_bpor
_cBiblioteca Nacional de Agricultura
041 _a(Por)
072 _aE20
090 _ E20 BR9508999
110 1 _aMinisterio da Agricultura, Brasilia, DF (Brasil). Secretaria Geral
245 1 _aSeguro agricola no Brasil
260 3 _aBrasilia, DF (Brasil):
_c1977.
300 _a24 p.
500 _aBibliography p. 21-24
650 _aSeguro Rural
909 _a202309
_bLucia
_c55
_dLucia Elande
942 _cBK
999 _c52514
_d52514